|
|
|
|
| LEADER |
00000nab a2200000 ar4500 |
| 001 |
vtls010652297 |
| 003 |
SK-MaSNL |
| 005 |
20260303204143.0 |
| 008 |
180911c2015 xo wr|p|||||||000 b|slo |
| 038 |
|
|
|a PPPK
|
| 040 |
|
|
|a PPPKCL
|b slo
|c PPPKCL
|e AACR2
|
| 041 |
0 |
|
|a slo
|
| 044 |
|
|
|a xo
|c SK
|
| 080 |
|
|
|a 726.1/.6-032.24
|2 2001
|
| 080 |
|
|
|a 72
|x (437.6-17)
|2 2001
|
| 080 |
|
|
|a 913:338.483.1
|x (437.6-17)
|2 2001
|
| 245 |
0 |
0 |
|a Ľadový dóm opäť na Hrebienku
|
| 600 |
1 |
7 |
|a Bálek, František
|2 pppkcl
|9 61607
|
| 610 |
2 |
7 |
|a Tatranský ľadový dóm (Hrebienok, Slovensko)
|2 pppkcl
|9 1198201
|
| 650 |
0 |
7 |
|a chrámy
|2 pppkcl
|9 3027
|
| 650 |
0 |
7 |
|a ľad
|2 pppkcl
|9 28095
|
| 650 |
0 |
7 |
|a architektúra
|2 pppkcl
|9 722
|
| 650 |
0 |
7 |
|a turistické zaujímavosti
|2 pppkcl
|9 73869
|
| 651 |
|
7 |
|a Vysoké Tatry (Poľsko a Slovensko : pohorie)
|2 SNKPHgeo
|9 67729
|
| 651 |
|
7 |
|a Hrebienok (Vysoké Tatry, Slovensko)
|2 pppkcl
|9 86625
|
| 773 |
0 |
|
|t Podtatranské noviny
|g Roč. LV, č. 1-2 (2015), s. 4
|x 1210-2423
|
| 852 |
|
|
|a PPPK
|b KIS3GCP
|
| 999 |
|
|
|c 2188685
|d 2190615
|